000 00723nam a2200229Ia 4500
001 8592
003 GE_BSU
008 181216s||||||||xx |||||||||||||| ||und||
040 _cGE_BSU
080 _a821.353.1-31
100 _aთავაძე, სოლომონ
245 _aქართული ფოლადი
245 _bრომანი
245 _cრედ.: თ. შავიშვილი, მხატვ.: დ. ქუთათელაძე
260 _aთბილისი.
260 _bსაბჭ. მწერალი
260 _c1953
300 _a416 გვ. 21 სმ
653 _aრომანი
653 _aქართული ფოლადი
942 _cBK
999 _c41908
_d41908